| 000 | 00443nam a22001217a 4500 | ||
|---|---|---|---|
| 082 |
_a297.124 _bGHA |
||
| 100 |
_aGhazi, Umer Farooq, Lt Col Dr _951037 |
||
| 245 |
_aتحقیق کے اصول وضوابط _bاحادیث نبویه صلی اللہ علیہ و آلہ وسلم کی روشنی میں |
||
| 260 |
_aLahore, _bSyed Modudi institute, _c1998. |
||
| 300 |
_a172p. _c21cm. |
||
| 526 |
_a0 _b0 _c0 _d297_124000000000000_GHA |
||
| 942 |
_2ddc _cBK |
||
| 999 |
_c553778 _d553778 |
||